Polskie góry - prawda czy fałsz? - Statystyki

Ogólne statystyki
  • Ten quiz został rozwiązany 1 821 razy
    1 750 od ostatniego zresetowania
  • Średni wynik to 11 z 15
Statystyki odpowiedzi
Zagadnienie Odpowiedź % Poprawnych
Morskie Oko leży w Tatrach Prawda
97%
Bieszczady to najbardziej wysunięte na wschód pasmo górskie w Polsce Prawda
91%
W Polsce znajduje się szczyt który posiada wysokość powyżej 2500 m n.p.m. Fałsz
84%
Rysy leży w paśmie górskim Karpat Prawda
80%
Śnieżka to najwyższy szczyt gór Izerskich Fałsz
79%
Drugą najwyższą góry w Polsce jest Giewont Fałsz
78%
Najbardziej wysuniętym na Północ pasmem górskim w Polsce są góry Świętokrzyskie Prawda
78%
Korona gór Polskich składa się z 28 szczytów gór Prawda
74%
Babia góra leży w Beskidach Żywieckich Prawda
74%
Najwyższym szczytem gór stołowych jest Szczeliniec Wielki Prawda
73%
W Polsce jest 30 pasm górskich Fałsz
69%
2 najwyższą koroną gór jest Śnieżka Fałsz
62%
Czarny szlak to najcięższy szlak w górach Fałsz
56%
Najniższą Koroną gór jest szczyt Ślęża Fałsz
49%
Góry Świętokrzyskie to najstarsze góry Europy Fałsz
39%
Nie znaleziono quizów pasujących do podanych kryteriów
Rozkład punktacji
Procent ludzi z każdym wynikiem
Percentyl według liczby udzielonych odpowiedzi
Twoja historia wyników
Nie rozwiązałeś tego quizu od ostatniego zresetowania